000 00799nam a22001937a 4500
999 _c7558
_d7558
003 AR-CdUCM
008 190320b ||||| |||| 00| 0 spa d
040 _aMUNICIPALIDAD PROVINCIAL DEL CUSCO
_cBIBLIOTECA MUNICIPAL DEL CUSCO
082 _a620.1 /
_bI23
100 _aIbañez García, Miguel
_921342
245 _aMecánica aplicada a la construcción :
_bResistencia de materiales y estructuras /
260 _aMéxico :
_bDossat,
_c1965.
300 _a570 - 1125 paginas ;
_c25 cm.
505 _aContenido :Conceptos generales --Tracción, comprensión y corte o cizalladura -- Flexiones planas simétricas y disimétrica -- Flexión compuesta -- Pandeo, torsión y placas planas ...
650 _aRegla de cálculo
_921343
650 _aLogaritmos
_921344
942 _2ddc
_cLIBROS
945 _arum